000 02790nam a22005057a 4500
005 20110810152733.0
007 ca cga||||||||
008 101222s2007 cau | g 00| 0 eng
010 _aDVD-008151-156
020 _a8903539705939
024 1 _a014633153606
035 _aDVD-008151-156
040 _aDPL
_cVEN
082 _aDVD HARR
245 0 0 _aHarry Potter and the order of the phoenix.
246 3 0 _aOrder of the phoenix
250 _aPC DVD
260 _aRedwood City, Calif. :
_bWarner Bros Enterainment,
_cc2007.
300 _a1 DVD :
_bsd., col. ;
_c4 3/4 in. +
500 _aSummary from container.
500 _aNot viewed.
500 _aSource used: Copyright catalog online.
520 _aExplore all of Hogwarts to recruit Dumbledore's Army, overthrow Umbridge and prepare to fight Voldemort and his Death Eaters.
521 _aESRB rating: Everyone 10+. Fantasy violence.
538 _aSystem requirements: Pentium-based IBM-PC or compatible, 1.6GHz or faster; Windows XP or Vista.
650 0 _aPotter, Harry (Fictitious character)
_932341
650 0 _aHogwarts School of Witchcraft and Wizardry (Imaginary organization)
_932342
650 0 _aWizards
_932343
650 0 _aMagic
_vComputer games.
_932344
650 0 _932345
710 2 _aElectronic Arts (Firm)
_932346
710 2 _aCopyright Collection (Library of Congress)
_5DLC
_932347
730 0 _aHarry Potter and the Order of the Phoenix (Motion picture)
_932348
753 _aPC
_cWindows XP
906 _gy-movingim
942 _2ddc
_cCF
_hDVD
_mHARR
999 _c55198
_d55198